Riconosci l'Anno dagli eventi - Quiz n°245 - Statistics

Statistiche generali
  • Questo quiz è stato fatto 6 volte
  • Il punteggio medio è 13 su 15
Statistiche sulle risposte
Indizio Risposta % Corretto
D 1º marzo: in Austria muore l'imperatore Leopoldo II, gli succede il figlio Francesco II.
100%
B 29 febbraio: a Pesaro nasce il compositore italiano Gioachino Rossini.
100%
A 9 gennaio: Trattato di Iași - Conclusione della Guerra russo-turca. Il trattato riconosceva alla Russia, ovvero alla potenza vincitrice, l'annessione di vari territori, tra cui il khanato di Crimea.
100%
C La Danimarca, prima nazione al mondo, vieta il commercio degli schiavi.
100%
L 10 agosto: cade la monarchia francese. Luigi XVI viene relegato con la famiglia nella prigione del Tempio. La Francia diventa una repubblica.
83%
H 18 maggio: inizia la guerra russo-polacca del ****.
83%
I 1 giugno: il Kentucky diventa il quindicesimo stato confederato degli Stati Uniti d'America
83%
E 20 aprile: la Francia rivoluzionaria dichiara guerra all'Austria. A fianco di quest'ultima scende in campo la Prussia.
83%
O 21 settembre: abolizione della monarchia in Francia e proclamazione della prima Repubblica.
83%
F 24 aprile: primo uso sperimentale della ghigliottina
83%
G 25 aprile -- L'inno nazionale francese, La Marsigliese, viene composto da Claude Joseph Rouget de Lisle
83%
P 29 ottobre: William Robert Broughton, membro della spedizione di George Vancouver, intravede una montagna situata nell'attuale stato americano dell'Oregon e la chiama monte Hood in onore dell'ammiraglio britannico Samuel Hood.
83%
M 2 settembre – 6 settembre: i parigini assalgono le carceri della capitale e uccidono oltre 1000 "partigiani del re" (massacri di settembre).
83%
N Il dollaro diventa la valuta ufficiale degli Stati Uniti d'America.
83%
Anno 1792
67%
Nessun quiz corrispondente trovato
Distribuzione punteggi
Percentuale di utenti per punteggio
Percentile per numero di risposta
I tuoi punteggi nel tempo
Non hai fatto questo quiz